El Tigre characters by picture - Statistics

General Stats
  • This quiz has been taken 2 times
  • The average score is 11 of 16
Answer Stats
Picture Answer % Correct
El Oso
100%
El Tigre / Manny Rivera
100%
Frida Suarez
100%
Maria
100%
Puma Loco / Granpapi
100%
Sartana of the Dead
100%
Titanium Titan
100%
White Pantera / Rodolfo
100%
Black Cuervo
50%
Dr Chipotle jr
50%
Guacamole Monster
50%
Señor Siniestro
50%
Zebra Donkey
50%
El Mal Verde
0%
Emiliano Suarez
0%
Monsterzuma
0%
No matching quizzes found
Score Distribution
Percent of People with Each Score
Percentile by Number Answered
Your Score History
You have not taken this quiz